Регионална библиотека "Любен Каравелов" - Русе

The Adventures of Tom Sawyer (Запис номер 24566)

MARC детайли
000 -Лидер
Контролно поле с фиксирана дължина 01526nam a2200397 c 4500
003 - Код на организацията, давaща контролен номер
Контролно поле BLK
005 - Дата и час на последна редакция
Контролно поле 20180420215934.0
008 - Елементи от данни с фиксирана дължина
fixed length control field 180413b bul|||||r ||||||| ||bul||
010 ## - Наследен системен номер
LC control number KNG00027082000
020 ## - Международен стандартен номер на книга ISBN
Международен стандартен номер на книга ISBN 954-9640-02-
-- издат.: Веси - (грешен)
040 ## - Източник на каталожния запис
Идентификатор на билиотеката - собственик на записа BLK
041 ## - Код за език
Код за езика на текст/звукозапис или на отделно заглавие Английски
Код за езика КДБФ Английски
080 ## - УДК
Текстов определител УДК Английски език
УДК код - определител по УДК 811.111
УДК определител (075.4)
УДК - код + определител 811.111(075.4)
080 ## - УДК
Текстов определител УДК Американска литература (на САЩ)
УДК код - определител по УДК 821.111(73)
УДК определител -93-91
УДК - код + определител 821.111(73)-93-91
100 1# - Редна дума - Автор
Автор Twain, Mark
Авторска отговорност първи автор
R(LIN) 26784
139 ## - Редно поле
Редна дума Twain, Mark
Авторски знак Tw - T 98
245 10 - Сведения за заглавието
Заглавие The Adventures of Tom Sawyer
Подзаглавни данни Adapt. stories : [B.] 1 -
Редно поле (дума) Mark Twain; адапт. Ели Иванов.
Том [B.] 1
257 ## - Страна на издаване
Страна на създаване/издаване Съединени американски щати
260 ## - Област на издателските данни
-- София
Име на издателя, разпространителя и проч. Веси
Година на издаване 1998
Печатница София : Офсетграфик
300 ## - Физическа характеристика
Размери/Мащаб 20 cm
380 ## - Жанр
Жанр Езикознание. Филология
490 1# - СЕРИИ (Колекции)
Име на серия Stories by Famous Writers
№: серия 10
500 ## - Общи забележки
Забележка Офс. изд.
650 #4 - Допълнително описание по предмет – тема
Основно описание – тема или топоним Английски език - текстове, адаптирани
9 (RLIN) 241528
653 ## - Ключова дума – ненормативна
Ключова дума адаптирани книги
653 ## - Ключова дума – ненормативна
Ключова дума английски език
653 ## - Ключова дума – ненормативна
Ключова дума литература за деца
653 ## - Ключова дума – ненормативна
Ключова дума детска литература
700 1# - Други автори (авторска отговорност)
Лично име Иванов, Ели
Автороска отговорност (Описва отношението между автора и произведението) адапт.
9 (RLIN) 267716
760 1# - Описание на основната серия
Редна дума на основното описание Twain, Mark
Място на издаване, издател и година 1998
Страници - том 128 p.
Забележка - том Съдържа и Англ.-бълг. речник.
Заглавие [B.] 1
852 ## - Местоположение
Форматна сигнатура Цб 199991
856 4# - Електронен адрес и достъп
Електронен формат pdf - файл
Път до файла /url/
856 4# - Електронен адрес и достъп
Електронен формат pdf - файл
Път до файла /url/
942 ## - АРТИКУЛИ
Вид на библиотечния материал Книги
Скрит в OPAC Не
944 ## - СЪЗДАВАНЕ И РЕДАКЦИЯ на ЗАПИСА
Създаване/Редакция Създаване
Дата на регистрацията/редакция 15.01.2003
Служител, извършил регистрацията/редакцията Людмила_Стоянова
944 ## - СЪЗДАВАНЕ И РЕДАКЦИЯ на ЗАПИСА
Създаване/Редакция Редакция
Дата на регистрацията/редакция 07.12.2009
Служител, извършил регистрацията/редакцията
999 ## - СИСТЕМНИ КОНТРОЛНИ НОМЕРА
Koha biblionumber 24566
Koha biblioitemnumber 24566
Наличности
Код за отписване Код за изгубен артикул Източник на класификационната схема Код за повреда Коз за рестрикции Код за отдаване Артикулен № Име на библиотеката - собственик Име на библиотеката, в която се намира в момента Статус (Текущо местоположение) Дата на вписване в системата Местоположение - отдел Цена в лева Инвентарен номер Систематично азбучна сигнатура Баркод Номер на екземпляра Цена в евро Служебна бележка Служебен тип на артикула
  Не е изгубен Universal Decimal Classification Не е повреден без рестрикции ползва се в читалня 40476 Регионална библиотека "Любен Каравелов" Русе Регионална библиотека "Любен Каравелов" Русе Хранилище 2001-01-01 Хранилище 2.50 647445 Цб 199991 120000647445 1 1.28 Дост: Dp Вид: Д N: стар фонд Дата: 01.01.1998 Книги
  Не е изгубен   Не е повреден без рестрикции заемане за дома 40477 Регионална библиотека "Любен Каравелов" Русе Регионална библиотека "Любен Каравелов" Русе ЧЧЗО - англ. ез. - Британски съвет 2009-10-26 ЧЧЗО - англ. ез. - Британски съвет 2.50 120000739291 Ч3 802.0/T 98 120000739291 2 1.28 Дост: DA Вид: А N: 13 Дата: 26.10.2009 Дата инв: 19.03.2015 Бележки инв: Ч32015 Книги
Vip Innovations Ltd, Rousse, Bulgaria 2025